<?xml version="1.0" encoding="UTF-8"?>
<record
    xmlns:xsi="http://www.w3.org/2001/XMLSchema-instance"
    xsi:schemaLocation="http://www.loc.gov/MARC21/slim http://www.loc.gov/standards/marcxml/schema/MARC21slim.xsd"
    xmlns="http://www.loc.gov/MARC21/slim">

  <leader>00605nam a2200205 a 4500</leader>
  <controlfield tag="005">20140412111340.0</controlfield>
  <controlfield tag="008">031016s19uu    xx            00    eng d</controlfield>
  <datafield tag="020" ind1=" " ind2=" ">
    <subfield code="a">981-209-843-7</subfield>
  </datafield>
  <datafield tag="050" ind1=" " ind2=" ">
    <subfield code="a">TR(PS E</subfield>
    <subfield code="b">Bu85Pl v.9</subfield>
  </datafield>
  <datafield tag="050" ind1=" " ind2=" ">
    <subfield code="a">ER</subfield>
    <subfield code="b">Bu85Pl</subfield>
  </datafield>
  <datafield tag="245" ind1=" " ind2=" ">
    <subfield code="a">Bubbles plays with fire #9 :</subfield>
    <subfield code="b">(ages 2-6 years old).</subfield>
  </datafield>
  <datafield tag="260" ind1=" " ind2=" ">
    <subfield code="a">Singapore :</subfield>
    <subfield code="b">Early Childhood Publications (International) Pte. Ltd,</subfield>
    <subfield code="c">[n.d.]</subfield>
  </datafield>
  <datafield tag="300" ind1=" " ind2=" ">
    <subfield code="a">[22] p. ; ill.</subfield>
  </datafield>
  <datafield tag="440" ind1=" " ind2=" ">
    <subfield code="a">Bubble's First Storybooks</subfield>
  </datafield>
  <datafield tag="650" ind1=" " ind2=" ">
    <subfield code="a">Fire--Fiction</subfield>
  </datafield>
  <datafield tag="650" ind1=" " ind2=" ">
    <subfield code="a">Monkeys--Fiction</subfield>
  </datafield>
  <datafield tag="650" ind1=" " ind2=" ">
    <subfield code="a">Children stories</subfield>
  </datafield>
  <datafield tag="999" ind1=" " ind2=" ">
    <subfield code="c">105109</subfield>
    <subfield code="d">105109</subfield>
  </datafield>
  <datafield tag="952" ind1=" " ind2=" ">
    <subfield code="0">0</subfield>
    <subfield code="1">0</subfield>
    <subfield code="4">0</subfield>
    <subfield code="5">0</subfield>
    <subfield code="a">EL</subfield>
    <subfield code="b">EL</subfield>
    <subfield code="c">TR</subfield>
    <subfield code="d">2003-10-16</subfield>
    <subfield code="e">LibFund</subfield>
    <subfield code="g">37.75</subfield>
    <subfield code="l">0</subfield>
    <subfield code="o">TR(PS E Bu85Pl v.9</subfield>
    <subfield code="p">E9433</subfield>
    <subfield code="r">2014-04-12 00:00:00</subfield>
    <subfield code="w">2014-04-12</subfield>
    <subfield code="y">BK</subfield>
  </datafield>
  <datafield tag="952" ind1=" " ind2=" ">
    <subfield code="0">0</subfield>
    <subfield code="1">0</subfield>
    <subfield code="4">0</subfield>
    <subfield code="5">0</subfield>
    <subfield code="a">EL</subfield>
    <subfield code="b">EL</subfield>
    <subfield code="c">ER</subfield>
    <subfield code="d">2003-10-16</subfield>
    <subfield code="e">LibFund</subfield>
    <subfield code="g">37.75</subfield>
    <subfield code="l">0</subfield>
    <subfield code="o">ER Bu85Pl</subfield>
    <subfield code="p">E9357</subfield>
    <subfield code="r">2014-04-12 00:00:00</subfield>
    <subfield code="w">2014-04-12</subfield>
    <subfield code="y">BK</subfield>
  </datafield>
</record>
